000 00534nam a22001817a 4500
008 150706b xxu||||| |||| 00| 0 alb d
020 _a9992759151
041 0 _aalb
080 _a327
100 _aLakër, Uolltër ;
245 _aEuropa në kohën tonë :
_cUolltër Lakër.
260 _bPenguin Group ;
_bDituria ;
_c1992.
_c1996, 2003.
300 _a471 f.:
_c25 cm.
500 _aParathënie: f.9-11
650 0 _aPolitika
_zEuropa
650 0 _aMarrëdhëniet ndërkombëtare
942 _2udc
_cBK
999 _c1090
_d1090